Control judicial y modulacin̤ de fallos de tutela

Bibliographic Details
Main Author: Rivera Rugeles, Juan Camilo
Format: Book
Language:Spanish
Subjects:
Online Access:Acceso restringido

MARC

LEADER 00000nam a22000007a 4500
005 2015110407177.0
007 cr|||| ||u|
008 151104t 2012ck ||||| |||| 00||0 spa d
020 |a 978-958-738-247-1 
035 |a 12905 
040 |a vLex 
090 |c 5653  |d 5653 
100 1 |a Rivera Rugeles, Juan Camilo 
245 1 0 |a Control judicial y modulacin̤ de fallos de tutela  |h [Recurso electrn̤ico] /  |c Juan Camilo Rivera Rugeles  
256 |a Servicio en ln̕ea  
300 |a 1 recurso electrn̤ico (168 p. (Coleccin̤ Opera Prima) 
506 1 |a Contenido solo disponible en los productos indicados  |d vLex Global  |d vLex Global (Academic Edition, excluding Law Schools)  |d vLex Global (U.S. Academic Edition, Law Schools)  |d vLex Global (U.S. Academic Edition, excluding Law Schools)  |d vLex Global (Academic Edition, Law Schools) 
650 0 4 |a Derecho constitucional  |z Colombia 
740 0 |a vLex libros (servicio en ln̕ea) 
856 4 0 |u http://vlex.com/source/control-judicial-y-modulacion-de-fallos-de-tutela-12905  |z Acceso restringido 
942 |c BOOK 
999 0 |a Constitutional law